Normal view
MARC view
- داكو،بيير ، اسكندر،رعد ، بيثون،اركان/ترجمة
Entry Personal Name
001 - CONTROL NUMBER
- control field: 8450
003 - CONTROL NUMBER IDENTIFIER
- control field: JO-AjAnu
005 - DATE AND TIME OF LATEST TRANSACTION
- control field: 20230606071649.0
008 - FIXED-LENGTH DATA ELEMENTS
- fixed length control field: 230606|| aca||aabn | a|a d
040 ## - CATALOGING SOURCE
- Original cataloging agency: JO-AjAnu
- Transcribing agency: JO-AjAnu
100 ## - HEADING--PERSONAL NAME
- Personal name: داكو،بيير ، اسكندر،رعد ، بيثون،اركان/ترجمة
670 ## - SOURCE DATA FOUND
- Source citation: Work cat.: (JO-AjAnu)4363: داكو،بيير ، اسكندر،رعد ، بيثون،اركان/ترجمة, author, استكشاف اغوار الذهن والتنويم المغناطيسي